|
|
|
|
| LEADER |
00000nam a22000007a 4500 |
| 005 |
20110901141723.0 |
| 008 |
110901t2011 ck ||||s|||| 00| 0 spa d |
| 020 |
|
|
|a 978-958-867-523-7
|
| 035 |
|
|
|a 5575
|
| 040 |
|
|
|a vLex
|
| 090 |
|
|
|c 2338
|d 2338
|
| 100 |
1 |
|
|a Murcia Cabra, Hčtor Horacio
|
| 245 |
1 |
0 |
|a Creatividad e innovacin̤ para el desarrollo empresarial
|h [Recurso electrn̤ico]
|
| 256 |
|
|
|a Servicio en ln̕ea.
|
| 260 |
|
|
|a Bogot ̀:
|b Ediciones de la U,
|c 2011.
|
| 500 |
|
|
|a Se parte de la aplicacin̤ de conceptos, tčnicas y metodologa̕s de creatividad e innovacin̤ en el proceso de creacin̤ y fortalecimiento de empresas en diversos sectores de la economa̕. En este sentido se ha demostrado que es pertinente vincular las tčnicas de creatividad con ejemplos reales que se proyectan en varios ǹgulos de accin̤ dentro del marco de referencia de formulacin̤ de ideas creativas y aplicar conceptos como el enfoque hols̕tico, la competitividad sistm̌ica y la planeacin̤ estratǧica.
|
| 506 |
1 |
|
|a Contenido solo disponible en los productos indicados
|d vLex Global
|d vLex Global (Academic Edition, excluding Law Schools)
|d vLex Global (U.S. Academic Edition, Law Schools)
|d vLex Global (U.S. Academic Edition, excluding Law Schools)
|d vLex Global (Academic Edition, Law Schools)
|
| 650 |
0 |
4 |
|a Empresas
|x Crecimiento
|z Colombia
|
| 740 |
0 |
|
|a vLex Libros (Servicio en ln̕ea)
|
| 856 |
4 |
0 |
|u http://vlex.com/source/creatividad-innovacion-desarrollo-empresarial-5575
|z Acceso restringido
|
| 942 |
|
|
|c BOOK
|